[Event "Besancon op"]
[Site "Besancon"]
[Date "2008.12.28"]
[Round "3"]
[White "Maniere, Yves"]
[Black "Quagliozzi, Francesco"]
[Result "1-0"]
[WhiteElo "1470"]
[BlackElo "1540"]
[PlyCount "95"]
[EventDate "2008.12.26"]
[EventType "swiss"]
[EventRounds "7"]
[EventCountry "FRA"]
[SourceTitle "CBM 128 Extra"]
[Source "ChessBase"]
[SourceDate "2009.03.05"]
[SourceVersion "2"]
[SourceVersionDate "2009.03.25"]
[SourceQuality "1"]

1. e4 c5 2. c3 d6 3. Nf3 Nc6 4. d4 cxd4 5. cxd4 a6 6. Be2 Nf6 7. Nc3 g6 8. Be3 Bg7 9. Qd2 Ng4 10. Bf4 0-0 11. h3 Nf6 12. Bh6 b5 13. Bxg7 Kxg7 14. a3 Bd7 15. b4 Rc8 16. 0-0 e6 17. Rac1 Re8 18. e5 dxe5 19. dxe5 Ng8 20. Rfd1 Rc7 21. Ne4 f5 22. Nc5 Re7 23. Nxa6 Rb7 24. Nc5 Ra7 25. Ra1 Qb6 26. Qc3 Be8 27. Ng5 Bf7 28. Rd6 h6 29. Ngxe6+ Bxe6 30. Nxe6+ Kh7 31. Rxc6 Qb8 32. f4 Rad7 33. Qg3 Rd2 34. Bf3 Red7 35. Nc5 Rg7 36. h4 Qd8 37. Ne6 Qe7 38. Nxg7 Qxg7 39. Rac1 Ne7 40. Rc7 Rd8 41. h5 Kh8 42. hxg6 Rg8 43. Bh5 Re8 44. R1c6 Kg8 45. Qb3+ Kh8 46. Qe6 Nxc6 47. Qxe8+ Qg8 48. Rh7# 1-0

[Event "Besancon op"]
[Site "Besancon"]
[Date "2005.12.29"]
[Round "7"]
[White "Kassab, Faouzi"]
[Black "Quagliozzi, Francesco"]
[Result "0-1"]
[WhiteElo "1730"]
[BlackElo "1620"]
[PlyCount "118"]
[EventDate "2005.12.27"]
[EventType "swiss"]
[EventRounds "7"]
[EventCountry "FRA"]
[SourceTitle "CBM 110 Extra"]
[Source "ChessBase"]
[SourceDate "2006.03.10"]
[SourceVersion "2"]
[SourceVersionDate "2006.03.10"]
[SourceQuality "1"]

1. e4 c5 2. Nf3 d6 3. d4 cxd4 4. Nxd4 Nf6 5. Nc3 a6 6. Be2 Nc6 7. 0-0 e6 8. Kh1 e5 9. Nb3 Be6 10. f4 Be7 11. f5 Bxb3 12. axb3 b5 13. Bd3 Nb4 14. Be3 d5 15. exd5 Nbxd5 16. Bg1 Nxc3 17. bxc3 e4 18. Be2 Bd6 19. Rxa6 Rxa6 20. Bxb5+ Ke7 21. Bxa6 Qc7 22. Bc4 Rd8 23. Qe2 h5 24. Bd4 Be5 25. Qe3 Bxd4 26. cxd4 Kf8 27. h3 Qb6 28. c3 Ra8 29. Re1 Qa5 30. Rf1 Qa3 31. d5 Qb2 32. Qc1 Ra2 33. Qxb2 Rxb2 34. Re1 Ke7 35. g4 hxg4 36. hxg4 Kd7 37. d6 Kxd6 38. Bxf7 Nxg4 39. Ra1 e3 40. Bc4 Ke5 41. Ra5+ Kf4 42. Ra6 Kg3 43. Ra1 Rh2+ 44. Kg1 Rg2+ 45. Kf1 Nh2+ 46. Ke1 Rg1+ 47. Ke2 Rxa1 48. Kxe3 Ng4+ 49. Kd4 Kf4 50. Be6 Rd1+ 51. Kc5 Ke5 52. b4 Ne3 53. b5 g5 54. b6 g4 55. b7 Rb1 56. Kc6 g3 57. Kc7 g2 58. b8Q Rxb8 59. Kxb8 g1Q 0-1